Quizzes
Events
Quiz Creation
Community
Videos
Private Events
Remove Ads
Sign In
Join for FREE
Feedback
Dark Mode
Quiz Categories
Sports
Geography
Music
Movies
Television
Just For Fun
Miscellaneous
History
Literature
Language
Science
Gaming
Entertainment
Religion
Holiday
For Kids
Quiz Lab
Recent
Popular Today
Quiz Kudos Today
Editor Picks
Curator Picks
Quizzes by...
Day
Popularity
Type
Ratings
Length
Year
Community
Subscriptions
Recent Discussions
Orange Saloon
Badges
Playlists
Quests
Create
Leaderboards
Showdown
Live 5
Trivia Bingo
Activity
Puzzle Library
Sporcle Events
Private Events
Virtual Trivia
Globe League
Become a Host
Pub Owners
SporcleCon
Opinionation
Our Games
Videos
Blog
Mobile Apps
Partnerships
Remove Ads and Go Orange
Feedback
Movies
Disney
Marvel Cinematic Universe
Movie Resume
Movie Titles
Oscar
Actor
Actress
Director
Pixar
Role
Movie Quotes
Movie Characters
Box Office
Nominee
Best Picture
Star Wars
James Bond
Horror Movies
Movies
Disney
Marvel Cinematic Universe
Movie Resume
Movie Titles
Oscar
Actor
Actress
Director
Pixar
Role
Movie Quotes
Movie Characters
Box Office
Nominee
Best Picture
Star Wars
James Bond
Horror Movies
Random Quiz
Search Sporcle
×
Quiz Lab
Quiz Lab
Movies
coach
Type in answers that appear in a list
Type in answers that appear in a list
Classic
Best Score? Go Orange.
Big Ten Coaches Stats
Can you name the Big Ten Coaches ?
By
bknd9597
5m
11 Questions
157 Plays
157 Plays
157 Plays
Comments
Comments
Give Quiz Kudos
Give Quiz Kudos
-
- Ratings
hide this ad
Replay
Link that replays current quiz
Next Quiz
Link to next quiz in quiz playlist
You Got
0%
They Got
Avg Score
55%
Avg Friend Score
Upgrade to see
Score Distribution
Jump to the score distribution portion of the page
Score
0/11
Timer
05:00
0
Plays Today
School
Coach
% Correct
Michigan Wolverines
Rich Rodriguez
76.4%
Ohio State Buckeyes
Jim Tressel
56.1%
Penn State Nittany Lions
Joe Paterno
48.4%
Illinois Fighting Illini
Ron Zook
43.3%
Iowa Hawkeyes
Kirk Ferentz
42.7%
Michigan State Spartans
Mark Dantonio
41.4%
Wisconsin Badgers
Bret Bielema
36.3%
Northwestern Wildcats
Pat Fitzgerald
32.5%
Minnesota Golden Gophers
Tim Brewster
26.8%
Indiana Hoosiers
Bill Lynch
19.7%
Purdue Boilermakers
Danny Hope
17.8%
Quiz Playlist
Details
Report
Send in Message
Add To Playlist
Classic:
Type in answers that appear in a list
Last Updated: Feb 16, 2017
Quiz Scoreboard
CHALLENGE
Sign Up to Join the Scoreboard
Show All
Scores
Hide
Comments
May contain spoilers
Recently Published
Alphabetical 'K' Countries by Flag Minefield
by ylime102
Geography
3m
Pick 6: Fruits
by JohnFran
Miscellaneous
15s
Click the 1999 NBA Draft
by nibperrychub
Sports
2m
More to Explore
Quiz From the Vault
Featured Blog Post
15 Basketball Trivia Facts You Can Be March Mad About
hide this ad
You Might Also Like...
Tags
coach
school
ten
Today's Top Quizzes in Movies
Browse Movies
hide this ad
Today's Top Quizzes in coach
Browse coach
Top Contributed Quizzes in Movies
1
Pick 6: Harry Potter
2
Pick 6: Movie Franchises
3
Pick 6: Actors
4
Pick 6: Actresses
5
Pick 6: Disney Princesses
6
Match The President To The Fictional Crisis
7
Harry Potter Logic Puzzle
8
Movies of the Seasons
9
10 Quentin Tarantino Movies in Order
10
Marvel Movies: Who Wants to be a Millionaire? HARD
Explore More
Trending Topics
Disney
Anime
NBA
Kpop
Marvel
Crossword
Harry Potter
Soccer
Song
Pokémon
The Office
WWE
NFL
Puzzle
Country
hide this ad
More By:
bknd9597
Quiz
Plays
Rating
Category
Featured
Created
Spacebar Challenge
672,811
3.25
Just For Fun
Oct 17, 2009
College Football's All Time Team
921
5.00
Sports
Dec 24, 2009
NFL Hall of Famers from Notre Dame
869
3.40
Sports
Nov 13, 2009
College Football Quiz: Notre Dame
793
2.25
Just For Fun
Apr 8, 2010
ABC Family Greek Characters
666
Television
Apr 14, 2010
Go to Creator's Profile
Score Distribution
Quiz Creator Spotlight
bknd9597
Follow
Send a Message
Quizzes Created
-
Created Quiz Play Count
-
More By This Creator
Popular Quizzes Today
1
Find the US States - No Outlines Minefield
2
Countries of Asia Without Outlines Minefield
3
Pick 6: Fruits
4
Alphabetical 'K' Countries by Flag Minefield
5
The Countries of the World
6
Find the US States
7
Match the Book to the Film X
8
Click the 1999 NBA Draft
More Movies Quizzes
Pixar Movie Minefield (Clickable)
Quiz Lab
Trending Quizzes
Pick 6: Harry Potter
Pick 6: Mountains
Pick 6: NFL Teams
Pick 6: Movie Franchises
Pick 6: Golfers
Recently Updated
NWSL Teams
pecheneg
Women's Final Four Teams by Year
bhenderson79
Presidents Quartet II
eogle
Anything But Clue(do)
eogle
Anything But Oceanian Capitals
eogle
Anything But 7
eogle
Anything But Thing
eogle
Word Ladder: February 29
pecheneg
Song Title Questions
pecheneg
Women's NCAA Tournament #1 Seeds
pecheneg
Trending Topics
NBA
Kpop
Anime
Disney
Crossword
Marvel
Harry Potter
Soccer
Pokémon
Song
The Office
WWE
Puzzle
NFL
Country
Your Account Isn't Verified!
In order to create a playlist on Sporcle, you need to verify the email address you used during registration. Go to your
Sporcle Settings
to finish the process.
Report this User
Report this user for behavior that violates our
Community Guidelines
.
Details:
Send Report
Go to the Sporcle.com Mobile Site →
Comments